Greed, lust & gender : a history of economic ideas

Saved in:
Bibliographic Details
Main Author: Folbre, Nancy
Format: Book
Language:English
Published: New York : Oxford University Press, 2009.
Subjects:
Tags: Add Tag
No Tags, Be the first to tag this record!

MARC

LEADER 00000cam a2200000 i 4500
001 1/52343
008 140801s2009####xxk ||| | eng||
020 |a 9780199238422  
035 |l 10118482 
040 |a GR-MY-UA  |b gre  |e aacr 
041 0 |a eng 
082 0 |a 305.3   |2 (23) 
100 1 |a Folbre, Nancy. 
245 1 0 |a Greed, lust & gender :   |b a history of economic ideas /   |c Nancy Forbre.  
246 3 3 |i Άλλες παραλλαγές του τίτλου :   |a Greed, lust and gender : a history of economic ideas. 
260 |a New York :   |b Oxford University Press,   |c 2009.  
300 |a xxxiii, 379 σ. ;   |c 26 εκ.  
504 |a Περιλαμβάνει βιβλιογραφικές αναφορές (σ. [329]-371) και ευρετήριο. 
650 0 0 |a Economics  |x Moral and ethical aspects. 
650 0 0 |a Lust. 
650 0 0 |a Gender identity. 
650 0 0 |a Sex differences  |x Philosophy. 
852 |a INST  |b LESVOS  |e 20140801  |h 305.3 FOL  |p 005100054473  |q 005100054473  |t BK  |y 0 
852 |a INST  |b LESVOS  |e 20150519  |h 305.3 FOL  |p 005100056608  |q 005100056608  |t BK  |y 0 
901 |a BIBL1-2014-2 
909 |a Λ  |b 189482 
922 |a 1ΕΛΗ  |b 201406  |c ΤΚΑΙ  |d ΔΙΑΔΡΟΜΕΣ 
970 |a ΤΖΑΦΕΡΗ  |b ΕΥΑΓΓΕΛΙΑ  |z 2014/08/02